Normal view
MARC view
- Dover, A T
Entry Personal Name
001 - CONTROL NUMBER
- control field: 6531
003 - CONTROL NUMBER IDENTIFIER
- control field: OSt
005 - DATE AND TIME OF LATEST TRANSACTION
- control field: 20241223145811.0
008 - FIXED-LENGTH DATA ELEMENTS
- fixed length control field: 241223|| aca||aabn | a|a d
040 ## - CATALOGING SOURCE
- Original cataloging agency: OSt
- Transcribing agency: OSt
100 ## - HEADING--PERSONAL NAME
- Personal name: Dover, A T
670 ## - SOURCE DATA FOUND
- Source citation: Work cat.: (OSt)10132: Dover, A T ., Electric traction / , 1963.
